Communicate with Confidence ! : (Record no. 965)

000 -LEADER
fixed length control field 00707nam a2200229 a 4500
008 - FIXED-LENGTH DATA ELEMENTS--GENERAL INFORMATION
fixed length control field 191114r20122013ii ||||g |||| 00| 0 eng d
020 ## - INTERNATIONAL STANDARD BOOK NUMBER
International Standard Book Number 9781259027659
Terms of availability Rs. 550.00
040 ## - CATALOGING SOURCE
Original cataloging agency IMU Kochi Library
Language of cataloging eng
041 0# - LANGUAGE CODE
Language code of text/sound track or separate title eng
044 ## - COUNTRY OF PUBLISHING/PRODUCING ENTITY CODE
MARC country code India
082 04 - DEWEY DECIMAL CLASSIFICATION NUMBER
Edition number 23
Classification number 651.73
Item number B64419
100 1# - MAIN ENTRY--PERSONAL NAME
Personal name Booher, Dianna
245 10 - TITLE STATEMENT
Title Communicate with Confidence ! :
Sub Title how to say it right the first time and every time /
260 ## - PUBLICATION, DISTRIBUTION, ETC. (IMPRINT)
Place of publication, distribution, etc New Delhi :
Name of publisher, distributor, etc McGraw Hill Education (India) Private Limited ,
Date of publication, distribution, etc 2012, reprinted 2013
300 ## - PHYSICAL DESCRIPTION
Extent xvii, 475 p. ;
Dimensions 23 cm
650 #0 - SUBJECT ADDED ENTRY--TOPICAL TERM
Topical term or geographic name as entry element Business communication
650 #0 - SUBJECT ADDED ENTRY--TOPICAL TERM
Topical term or geographic name as entry element Oral communication
650 #0 - SUBJECT ADDED ENTRY--TOPICAL TERM
Topical term or geographic name as entry element Interpersonal communication
852 ## - LOCATION/CALL NUMBER
Location IMU Kochi Library
904 ## - LOCAL DATA ELEMENT D, LDD (RLIN)
CATALOGER Akhil Bose
942 ## - ADDED ENTRY ELEMENTS (KOHA)
Item type Books
Holdings
Withdrawn status Lost status Source of classification or shelving scheme Damaged status Not for loan Collection code Permanent location Current location Shelving location Date acquired Source of acquisition Cost, normal purchase price Total Checkouts Total Renewals Full call number Barcode Date last seen Date last borrowed Koha item type Public note
          Non-fiction IMU Kochi Library IMU Kochi Library Fiction & General 2013-12-06 M/s FlipKart (Inv. dt. 2013-12-18) 550.00 3 1 651.73 B64419 BK002631 2026-03-10 2026-01-28 Books Shelf-18, Row-4
          Non-fiction IMU Kochi Library IMU Kochi Library Fiction & General 2013-10-29 M/s FlipKart (Inv. dt. 2013-12-18) 550.00 10 7 651.73 B64419 BK001022 2025-09-29 2025-08-13 Books Shelf-18, Row-4


Copyright © All Rights Reserved by Indian Maritime University, Kochi Campus.
For any Suggestions/Query Contact to library or Email: library.kochi@imu.ac.in Ph:(0484)-2989402
(Web OPAC Designed by Rudra Ranjan. Maintained by IMU Kochi Library)

Powered by Koha